PHARMACEUTICAL FORMULATION & COSMETOLOGY (Record no. 32978)

MARC details
000 -LEADER
fixed length control field 00365nam a22001577a 4500
003 - CONTROL NUMBER IDENTIFIER
control field SGT
020 ## - INTERNATIONAL STANDARD BOOK NUMBER
International Standard Book Number 938426606-X
082 ## - DEWEY DECIMAL CLASSIFICATION NUMBER
Classification number 646.72
Item number AQI
100 ## - MAIN ENTRY--PERSONAL NAME
Personal name AQIL, DR. MOHD
245 ## - TITLE STATEMENT
Title PHARMACEUTICAL FORMULATION & COSMETOLOGY
250 ## - EDITION STATEMENT
Edition statement 3RD
260 ## - PUBLICATION, DISTRIBUTION, ETC. (IMPRINT)
Place of publication, distribution, etc INDIA
Name of publisher, distributor, etc BIRLA PUB.
Year of Publication 2026
300 ## - PAGE DESCRIPTION
No. of Pages 92
650 ## - SUBJECT ADDED ENTRY--TOPICAL TERM
Topical term or geographic name as entry element FORMULATION & COSMETOLOGY
942 ## - ADDED ENTRY ELEMENTS (KOHA)
Source of classification or shelving scheme Dewey Decimal Classification
Koha item type Books
Holdings
Withdrawn status Lost status Source of classification or shelving scheme Damaged status Not for loan Collection code Home library Current library Shelving location Date acquired Vendor Name Cost, normal purchase price SGTU Bill Number Full call number Accession No. (Barcode) Date last seen Bill Date Koha item type Total Checkouts
    Dewey Decimal Classification   Not For Loan SCIENCE SGT Science & Social Sciences Library SGT Science & Social Sciences Library Reference Book 29/10/2025 ABC 175.00 SGTU 21721 646.72 AQI DP1086 29/10/2025 17/09/2025 Books  
    Dewey Decimal Classification     SCIENCE SGT Science & Social Sciences Library SGT Science & Social Sciences Library Text Book 29/10/2025 ABC 175.00 SGTU 21721 646.72 AQI DP1087 29/10/2025 17/09/2025 Books  
    Dewey Decimal Classification     SCIENCE SGT Science & Social Sciences Library SGT Science & Social Sciences Library Text Book 29/10/2025 ABC 175.00 SGTU 21721 646.72 AQI DP1088 29/10/2025 17/09/2025 Books  
    Dewey Decimal Classification     SCIENCE SGT Science & Social Sciences Library SGT Science & Social Sciences Library Text Book 29/10/2025 ABC 175.00 SGTU 21721 646.72 AQI DP1089 29/10/2025 17/09/2025 Books  
    Dewey Decimal Classification     SCIENCE SGT Science & Social Sciences Library SGT Science & Social Sciences Library Text Book 29/10/2025 ABC 175.00 SGTU 21721 646.72 AQI DP1090 29/10/2025 17/09/2025 Books